006670000a220013300045001000024000002450055000243000046000795200219001256500017003447730057003619420008004189520090004269990017005161 aSalas Silva, raúl10aEstilos de aprendizaje a la luz de la neurociencia anúm.37 ( Feb. - Mar., 2009), P. 32 - 41 aEste artículo procura entregar una visión de los estilos de aprendizaje desde el enfoque de la Neurociencia, poniendo énfasis en algunos aspectos desconocidos o poco considerados por los teóricos del campo.14aINTELIGENCIA0 tRevista internacional magisterio : educación y ped cANA 001040708HEMaFUSBCbFUSBCd2016-01-26l0o r2016-01-26 00:00:00w2016-01-26yANA c62947d62947